<?xml version="1.0" encoding="UTF-8"?>
<record
    xmlns:xsi="http://www.w3.org/2001/XMLSchema-instance"
    xsi:schemaLocation="http://www.loc.gov/MARC21/slim http://www.loc.gov/standards/marcxml/schema/MARC21slim.xsd"
    xmlns="http://www.loc.gov/MARC21/slim">

  <leader>02105nam a22002897a 4500</leader>
  <controlfield tag="003">DO-SdBNP</controlfield>
  <controlfield tag="005">20230711093759.0</controlfield>
  <controlfield tag="006">a||||gr|||| 00| 0 </controlfield>
  <controlfield tag="007">ta</controlfield>
  <controlfield tag="008">230710e2010    dr aoc|| |||| 00| e spa d</controlfield>
  <datafield tag="020" ind1=" " ind2=" ">
    <subfield code="a">139781456426200</subfield>
  </datafield>
  <datafield tag="020" ind1=" " ind2=" ">
    <subfield code="a">101456426206</subfield>
  </datafield>
  <datafield tag="040" ind1=" " ind2=" ">
    <subfield code="a">DO-SdBNP</subfield>
    <subfield code="b">spa</subfield>
    <subfield code="c">BNPHU</subfield>
    <subfield code="e">rda</subfield>
  </datafield>
  <datafield tag="082" ind1=" " ind2="4">
    <subfield code="2">22</subfield>
    <subfield code="b">E77</subfield>
  </datafield>
  <datafield tag="100" ind1="1" ind2=" ">
    <subfield code="a">Espinola, Ram&#xF3;n Emilio</subfield>
    <subfield code="9">76287</subfield>
  </datafield>
  <datafield tag="245" ind1="1" ind2="0">
    <subfield code="a">Dominicanas ejemplares:</subfield>
    <subfield code="b">estudio hist&#xF3;rico-biogr&#xE1;fico y breve an&#xE1;lisis del machismo en la historia. /</subfield>
    <subfield code="c">Ram&#xF3;n Emilio Esp&#xED;nola</subfield>
  </datafield>
  <datafield tag="264" ind1=" " ind2="1">
    <subfield code="a">Estados Unidos de Am&#xE9;rica :</subfield>
    <subfield code="b">[sin editora],</subfield>
    <subfield code="c">&#xA9;2010</subfield>
  </datafield>
  <datafield tag="300" ind1=" " ind2=" ">
    <subfield code="a">252 p&#xE1;ginas :</subfield>
    <subfield code="b">Ilustraciones, fotograf&#xED;as, retratos ;</subfield>
    <subfield code="c">23 cm</subfield>
  </datafield>
  <datafield tag="336" ind1=" " ind2=" ">
    <subfield code="2">rdaconten</subfield>
    <subfield code="a">texto</subfield>
    <subfield code="b">txt</subfield>
  </datafield>
  <datafield tag="337" ind1=" " ind2=" ">
    <subfield code="2">rdamedia</subfield>
    <subfield code="a">sin medici&#xF3;n</subfield>
    <subfield code="b">n</subfield>
  </datafield>
  <datafield tag="338" ind1=" " ind2=" ">
    <subfield code="2">rdacarrier</subfield>
    <subfield code="a">volumen</subfield>
    <subfield code="b">nc</subfield>
  </datafield>
  <datafield tag="500" ind1=" " ind2=" ">
    <subfield code="a">Incluye bibliograf&#xED;a y notas al pie de p&#xE1;ginas.</subfield>
  </datafield>
  <datafield tag="504" ind1=" " ind2=" ">
    <subfield code="a">Bibliograf&#xED;a: p&#xE1;ginas 251 - 252</subfield>
  </datafield>
  <datafield tag="505" ind1=" " ind2=" ">
    <subfield code="a">Unas palabras introductorias.</subfield>
    <subfield code="g">El machismo como actitud represiva.-- El machismo en las sociedades isl&#xE1;mica.-- Las verdaderas ense&#xF1;anzas de Mahoma.-- Conceptualizaci&#xF3;n sobre el machismo.--Historia.-- Desarrollo del machismo.</subfield>
    <subfield code="g">Dominicanas ejemplares.</subfield>
    <subfield code="t"> Mar&#xED;a Nicol&#xE1;s Billini.-- Rosa Duarte.-- Mar&#xED;a Baltazar de los Reyes.-- Mar&#xED;a de la Concepci&#xF3;n.-- Bona y Hern&#xE1;ndez.-- Josefa Antonia P&#xE9;rez de la Paz.--Antera Mota Mercedes Mota.-- Petronila Gau.</subfield>
    <subfield code="g">La Sublevaci&#xF3;n de Sabaneta.</subfield>
    <subfield code="t">Josefina Bueno y Petronila Hern&#xE1;ndez.-- Virginia Hern&#xE1;ndez.-- Juana de la Mercedes Trinidad.</subfield>
    <subfield code="g">Batalla del 30 de marzo.</subfield>
    <subfield code="t">Mar&#xED;a Trinidad S&#xE1;nchez.-- Socorro S&#xE1;nchez.-- Las Villa.-- Julia Cobier.</subfield>
    <subfield code="g">Carta de Jamaica.</subfield>
    <subfield code="t">Ambrosia Ercilia Estrella.-- Ana Emilia Abigail Mej&#xED;a Solier.</subfield>
    <subfield code="g">El impacto del feminismo.-- En las sociedades occidentales.</subfield>
    <subfield code="t">Froilana Febles de Rivera.--   Anacaona Moscoso Puello-- Andrea Evangelina Perozo.</subfield>
    <subfield code="g">La primera m&#xE9;dico dominicana.</subfield>
    <subfield code="t">Salom&#xE9; Ure&#xF1;a.-- Florina soriano Mu&#xF1;oz.-- Asela Mercedes Morel P&#xE9;rez.-- Minerva Mirabal.</subfield>
    <subfield code="g">Expediciones Armadas de junio de 1959.-- Bibliograf&#xED;a y obras consulltadas.</subfield>
  </datafield>
  <datafield tag="590" ind1=" " ind2=" ">
    <subfield code="a">Inventariado 2023 / MF</subfield>
  </datafield>
  <datafield tag="942" ind1=" " ind2=" ">
    <subfield code="2">ddc</subfield>
    <subfield code="c">LBS1</subfield>
  </datafield>
  <datafield tag="952" ind1=" " ind2=" ">
    <subfield code="0">0</subfield>
    <subfield code="1">0</subfield>
    <subfield code="2">ddc</subfield>
    <subfield code="5">1</subfield>
    <subfield code="7">0</subfield>
    <subfield code="8">PD</subfield>
    <subfield code="a">BNPHU</subfield>
    <subfield code="b">BNPHU</subfield>
    <subfield code="c">CT</subfield>
    <subfield code="d">2022-02-09</subfield>
    <subfield code="e">Donado por V&#xED;ctor Hugo</subfield>
    <subfield code="l">0</subfield>
    <subfield code="o">E77</subfield>
    <subfield code="p">2023-4786</subfield>
    <subfield code="r">2023-07-10</subfield>
    <subfield code="w">2023-07-10</subfield>
    <subfield code="y">LBS1</subfield>
  </datafield>
  <datafield tag="999" ind1=" " ind2=" ">
    <subfield code="c">54143</subfield>
    <subfield code="d">54143</subfield>
  </datafield>
</record>
